000 00215nam a22000857a 4500
008 160708b xxu||||| |||| 00| 0 eng d
100 _92427
_a Bueltmann, A.J
245 _aTake the High Road
260 _aLondon
_b Concordia
999 _c2100
_d2100